1265 1747 1885 1419 1267 1969 1747 1402 1516 1443 1699 1902 1599 1426 1577 1600 1143 1763 1498 1568 1509 1825 1736 1993 1059 1356 1527 1183 1021 1143 1932 1441 1090 1102 1385 1355 1206 1149 1406 1192 1576 1222 1806 1230 1014 1426 1116 1020 1070 1796 1794 1349 1329 1941 1640 1200 1682 1319 1828 1315 1923 1788 1609 1245 1932 1135 1190 1725 1984 1254 1800 1840 1877 1970 1709 1547 1025 1670 1143 1314 1955 1801 1935 1664 1192 1542 1373 1473 1541 1955 1727 1882 1836 1386 1465 1055 1149 1564 1382 BCNSPRNW ULIB Ver.6.0+V

เปลี่ยนเป็นภาษาไทย

Change to English
 แสดงรายละเอียดบรรณานุกรม
  กลับหน้าหลัก

Brief Record : Get Marc (ISO 2709) : E-mail record : QR code < ปิดหน้าต่าง
LEADER : 00000nam 2200000uu 4500
001    13399112002
003     ULIB
008    110719s2551||||th 000 0 tha d
020    9741078349
090    นว.^bอ175อ 2551
100 0   อนาเซีย
245 00  อาณาจักรรักต้องห้าม/^cอนาเซีย
250     พิมพ์ครั้งที่ 1
260     กรุงเทพฯ :^bทูบีเลิฟ,^c2551
300     279 หน้า
945    ^p149^l0^i023615
995     เกษร
999     ^aใช้งานได้ทุกระบบ
รายการนี้ยังไม่มีแท็ก
คุณยังไม่ได้ล็อกอิน คุณสามารถมีกิจกรรมร่วมกับเว็บไซต์ได้ แต่ต้องล็อกอินก่อน ::
  ล็อกอิน

รายการสื่อสารสนเทศ

ลำดับที่ ประเภท เลขเรียก/บาร์โค้ด สถานที่ สถานะ
1. นวนิยาย
นวนิยาย
นว. อ175อ 2551  
  Barcode: 023615
ห้องสมุดวิทยาเขตสวรรค์ประชารักษ์
►นวนิยาย
บนชั้น
  ขอยืม

BibComment


ยังไม่เคยถูกคอมเมนท์

คอมเมนท์ทรัพยากรรายการนี้
  คอมเมนท์: อาณาจักรรักต้องห..


 Copyright 2026. Bcnsprnw @Library